| 000 | 00844nam a2200217 i 4500 | ||
|---|---|---|---|
| 001 | 160582 | ||
| 003 | ES-MaACL | ||
| 005 | 20230906212059.0 | ||
| 008 | 040928s1884 sp a |||| | spa d | ||
| 040 |
_aCAM _bspa _cCAM |
||
| 080 | _a634.1 | ||
| 100 | 1 |
_aNavarro Soler, Diego. _9130405 |
|
| 245 | 1 | 0 |
_aArboles frutales _b: cultivo en macetas de los enanos y miniaturas, ó El huerto en los balcones / _cpor Diego Navarro y Soler. |
| 260 |
_aMadrid : _b[s.n.], _c1884 ( _fEstab. Tip. de P. Núñez) |
||
| 300 |
_a304 p. : _bil. ; _c18 cm. |
||
| 530 | _aDisponible en formato digital. | ||
| 650 | 4 |
_aFruticultura. _912986 |
|
| 650 | 4 |
_aCultivo en macetas. _9161121 |
|
| 852 |
_aES-MaACL _jG-7871 _z. - Enc. hol., conservando la cub. original |
||
| 856 |
_uhttp://bdh-rd.bne.es/viewer.vm?id=0000114580&page=1 _zBiblioteca Digital Hispánica |
||
| 999 |
_c160582 _d160582 |
||